000
00324nam a22001337a 4500
008
170324b xxu||||| |||| 00| 0 eng d
020
_a
9780072506198
041
_a
eng
080
_a
615.2
100
_a
8
101
_a
SHM
245
_a
MEASUREMENT IN PHYSICAL EDUCATION AND EXERCISE SCIENCE
_c
SAFRIT, M.J
942
_2
udc
_c
BK
999
_c
8599
_d
8599